Fr. Conceicao Rodrigues College of Engineering

Artificial intelligence Programming (Record no. 18662)

MARC details
000 -LEADER
fixed length control field 00317nam a2200145Ia 4500
082 ## - DEWEY DECIMAL CLASSIFICATION NUMBER
Classification number 6.3
Item number CHA/RIE
100 ## - MAIN ENTRY--PERSONAL NAME
Personal name Charniak Eugene
250 ## - EDITION STATEMENT
Edition statement 2
245 ## - TITLE STATEMENT
Title Artificial intelligence Programming
260 ## - PUBLICATION, DISTRIBUTION, ETC.
Name of publisher, distributor, etc. Lawrence Erlbau
Date of publication, distribution, etc. 1987
300 ## - PHYSICAL DESCRIPTION
Extent 533
546 ## - LANGUAGE NOTE
Language note ENGLISH
654 ## - SUBJECT ADDED ENTRY--FACETED TOPICAL TERMS
Focus term artificial
942 ## - ADDED ENTRY ELEMENTS (KOHA)
Koha item type BOOK
Holdings
Withdrawn status Lost status Damaged status Not for loan Collection Home library Current library Date acquired Inventory number Total Checkouts Full call number Barcode Date last seen Price effective from Koha item type
        CRC Fr. Agnel's C.Rodrigues College of Engineering Fr. Agnel's C.Rodrigues College of Engineering 17/03/2023 3427   6.3 CHA/RIE 11401 17/03/2023 17/03/2023 BOOK